[Event "DEM U10/U10w 2010"]
[Site "Oberhof GER"]
[Date "2010.05.24"]
[Round "3"]
[White "Neuwald, Johannes"]
[Black "Rößler, Linus Benedict"]
[Result "0-1"]
[Termination "normal"]
[Board "25"]
[WhiteElo "1277"]
[BlackElo "1105"]
[PlyCount "72"]
[BlackFideId "12921076"]
[EventCountry "GER"]
[EventRounds "11"]
[EventType "swiss"]
[EventDate "2010.05.22"]

1. e4 c5 2. Nc3 d6 3. g3 Nf6 4. Bg2 e6 5. d3 Be7 6. Be3 O-O 7. f4 Nc6 8. Nf3
Qc7 9. O-O Bd7 10. Qd2 Rfe8 11. Qe2 Rac8 12. Rad1 a6 13. d4 cxd4 14. Nxd4 b5
15. a3 Na5 16. Nb3 Nc4 17. Rb1 a5 18. Nd2 Nxe3 19. Qxe3 b4 20. axb4 axb4 21.
Na2 Qc5 22. Qxc5 dxc5 23. Ra1 Ng4 24. Rfe1 Ra8 25. h3 Nh6 26. e5 Ra7 27. Reb1
Nf5 28. Ne4 Ne3 29. Rc1 Bc6 30. Nf6+ Bxf6 31. Bxc6 Rc8 32. exf6 Rxc6 33. fxg7
Kxg7 34. Re1 Nxc2 35. Nxb4 Rxa1 36. Rxa1 Nxb4 0-1

[Event "DEM U10/U10w 2010"]
[Site "Oberhof GER"]
[Date "2010.05.24"]
[Round "3"]
[White "Tsoumanis, Neoptolemos"]
[Black "Simon, Tessa"]
[Result "1-0"]
[Termination "normal"]
[Board "26"]
[WhiteElo "1105"]
[BlackElo "1270"]
[PlyCount "87"]
[BlackFideId "12929395"]
[EventCountry "GER"]
[EventRounds "11"]
[EventType "swiss"]
[EventDate "2010.05.22"]

1. e4 e5 2. Nf3 d6 3. d4 exd4 4. Qxd4 Nc6 5. Qd1 Be7 6. Nc3 Nf6 7. Bb5 Bd7 8.
O-O O-O 9. Re1 a6 10. Ba4 Re8 11. e5 Ng4 12. Bf4 b5 13. Bb3 Bf8 14. Bg5 Qc8 15.
Qd5 Re6 16. Bf4 Nb4 17. Qe4 Re8 18. Ng5 Bf5 19. Qxb4 dxe5 20. Bxf7+ Kh8 21. Qa5
Rd8 22. Bxe5 Bc5 23. Bg3 Rf8 24. Be6 Bxe6 25. Nxe6 Rf5 26. Nxc7 Ra7 27. Re8+
Qxe8 28. Nxe8 Ne3 29. Nd6 Rf8 30. Nce4 Nxc2 31. Rc1 Nd4 32. Rxc5 Ne2+ 33. Kf1
Nd4 34. Rc8 Rxc8 35. Nxc8 Rd7 36. Nc5 h6 37. Nxd7 Ne6 38. Ne7 Kh7 39. Qb6 Ng5
40. h4 Nf7 41. Nf8+ Kh8 42. Qe6 h5 43. Qxf7 g5 44. Qg8# 1-0

[Event "DEM U10/U10w 2010"]
[Site "Oberhof GER"]
[Date "2010.05.24"]
[Round "3"]
[White "Herbrig, Alexander"]
[Black "Hoffmann, Christoph"]
[Result "1/2-1/2"]
[Termination "normal"]
[Board "27"]
[WhiteElo "1270"]
[BlackElo "1094"]
[PlyCount "67"]
[WhiteFideId "12952044"]
[EventCountry "GER"]
[EventRounds "11"]
[EventType "swiss"]
[EventDate "2010.05.22"]

1. e4 e5 2. Nf3 Nc6 3. Bc4 Bc5 4. c3 d6 5. h3 Nf6 6. d3 h6 7. Nbd2 O-O 8. Nf1
Qe7 9. Ne3 Bd7 10. Bd5 Rad8 11. a4 a5 12. Qb3 Rb8 13. O-O Bxe3 14. fxe3 Nxd5
15. exd5 Na7 16. d4 f6 17. Qc4 Rfc8 18. dxe5 fxe5 19. Qe4 c6 20. Nd4 Re8 21.
Nf5 Bxf5 22. Rxf5 Rbc8 23. c4 c5 24. Qg4 Rf8 25. Rh5 Rf6 26. e4 Kh7 27. Be3 Qf7
28. Kh2 Rg8 29. Rb1 Nc8 30. b3 Ne7 31. Qg5 Rg6 32. Qh4 Qf6 33. Qxf6 gxf6 34.
Kh1 1/2-1/2

[Event "DEM U10/U10w 2010"]
[Site "Oberhof GER"]
[Date "2010.05.24"]
[Round "3"]
[White "Nguyen, Anh Van"]
[Black "Kololli, Martin"]
[Result "0-1"]
[Termination "normal"]
[Board "28"]
[WhiteElo "1095"]
[BlackElo "1251"]
[PlyCount "36"]
[WhiteFideId "12908223"]
[BlackFideId "12936910"]
[EventCountry "GER"]
[EventRounds "11"]
[EventType "swiss"]
[EventDate "2010.05.22"]

1. e4 e5 2. f4 Bc5 3. Nf3 d6 4. Bc4 Nc6 5. c3 Nf6 6. d4 exd4 7. cxd4 Bb4+ 8.
Bd2 Bxd2+ 9. Nbxd2 Bg4 10. Qc2 O-O 11. O-O Bxf3 12. Nxf3 Re8 13. Rae1 d5 14.
Bd3 dxe4 15. Bxe4 Nxd4 16. Qb1 Nxf3+ 17. Rxf3 Qd4+ 18. Kf1 Nxe4 0-1

[Event "DEM U10/U10w 2010"]
[Site "Oberhof GER"]
[Date "2010.05.24"]
[Round "3"]
[White "Halas, Julia"]
[Black "Reuker, Jari"]
[Result "1/2-1/2"]
[Termination "normal"]
[Board "29"]
[WhiteElo "1091"]
[BlackElo "1237"]
[PlyCount "50"]
[WhiteFideId "12931810"]
[BlackFideId "12909300"]
[EventCountry "GER"]
[EventRounds "11"]
[EventType "swiss"]
[EventDate "2010.05.22"]

1. e4 d5 2. exd5 Qxd5 3. Nc3 Qd6 4. d4 Nf6 5. Nf3 a6 6. a3 Nbd7 7. Be3 e6 8.
Bc4 b5 9. Bb3 Bb7 10. Qe2 Be7 11. O-O O-O 12. Rad1 Rad8 13. Rd2 Nb6 14. Bg5 h6
15. Bxf6 Bxf6 16. Rfd1 Rd7 17. Ne4 Bxe4 18. Qxe4 Nd5 19. Ne5 Rdd8 20. c3 c5 21.
Bc2 Rfe8 22. h3 cxd4 23. cxd4 b4 24. Ba4 Rf8 25. Bc2 Rfe8 1/2-1/2

[Event "DEM U10/U10w 2010"]
[Site "Oberhof GER"]
[Date "2010.05.24"]
[Round "3"]
[White "Savchenko, Daniel"]
[Black "Wallat, Jessica"]
[Result "1/2-1/2"]
[Termination "normal"]
[Board "30"]
[WhiteElo "1237"]
[BlackElo "1045"]
[PlyCount "67"]
[WhiteFideId "12919195"]
[BlackFideId "12909637"]
[EventCountry "GER"]
[EventRounds "11"]
[EventType "swiss"]
[EventDate "2010.05.22"]

1. e4 e5 2. Nf3 Nc6 3. d4 exd4 4. Bc4 Bc5 5. c3 dxc3 6. Bxf7+ Kxf7 7. Qd5+ Ke8
8. Qxc5 Qe7 9. Qxc3 Qxe4+ 10. Be3 Qb4 11. Bd2 Qxc3 12. Bxc3 Nf6 13. Bxf6 gxf6
14. Nc3 Nb4 15. O-O d6 16. a3 Nc6 17. Nd5 Kd7 18. Nxf6+ Ke6 19. Ne4 Rg8 20. Ng3
b6 21. Rfe1+ Kd7 22. Nh5 Rg6 23. Re4 Bb7 24. Rf4 Ne5 25. Nxe5+ dxe5 26. Rf7+
Kd6 27. Rf6+ Rxf6 28. Nxf6 h6 29. Ng4 Rg8 30. f3 h5 31. Ne3 Bxf3 32. Kh1 Bb7
33. Rf1 Kc5 34. Rd1 1/2-1/2

[Event "DEM U10/U10w 2010"]
[Site "Oberhof GER"]
[Date "2010.05.24"]
[Round "3"]
[White "Nothnagel, Marian Can"]
[Black "Du, Katharina"]
[Result "1-0"]
[Termination "normal"]
[Board "31"]
[WhiteElo "1211"]
[BlackElo "1006"]
[PlyCount "97"]
[WhiteFideId "12921530"]
[BlackFideId "12945757"]
[EventCountry "GER"]
[EventRounds "11"]
[EventType "swiss"]
[EventDate "2010.05.22"]

1. d4 d5 2. c4 e6 3. Nc3 Nf6 4. cxd5 exd5 5. Bg5 Be7 6. e3 Be6 7. Nf3 Nbd7 8.
Bd3 c6 9. Qc2 O-O 10. O-O h6 11. Bh4 b6 12. Rac1 Bg4 13. Nd2 Rc8 14. Nb3 Nb8
15. Bxf6 Bxf6 16. h3 Be6 17. Qe2 Qe7 18. Rc2 Bg5 19. Rfc1 Qf6 20. Nd2 Rfe8 21.
Nf3 Bd7 22. Ne5 Be6 23. f4 Bh4 24. Kh2 Qe7 25. g3 Bf6 26. Qg2 Bxe5 27. fxe5 Qg5
28. e4 Qe3 29. Rd2 Qg5 30. exd5 cxd5 31. Rdc2 Bd7 32. Nxd5 Rxc2 33. Rxc2 Bc6
34. Be4 Bxd5 35. Bxd5 Na6 36. Rf2 Re7 37. Bxf7+ Rxf7 38. Qa8+ Kh7 39. Rxf7 Qd2+
40. Qg2 Qxd4 41. e6 Qc4 42. Rxa7 Qc8 43. e7 Nc5 44. Rc7 Qxc7 45. e8=Q Qd6 46.
Qc2+ g6 47. Qf7+ Kh8 48. Qfxg6 Qe7 49. Qc3+ 1-0

[Event "DEM U10/U10w 2010"]
[Site "Oberhof GER"]
[Date "2010.05.24"]
[Round "3"]
[White "Bach, Kira Annika"]
[Black "Diener, Carolin"]
[Result "0-1"]
[Termination "normal"]
[Board "32"]
[WhiteElo "1071"]
[BlackElo "1208"]
[PlyCount "64"]
[WhiteFideId "12907677"]
[BlackFideId "24699063"]
[EventCountry "GER"]
[EventRounds "11"]
[EventType "swiss"]
[EventDate "2010.05.22"]

1. e4 e5 2. Nf3 Nc6 3. Bc4 Nf6 4. Nc3 Nxe4 5. d4 Nxc3 6. bxc3 d5 7. Bb3 e4 8.
Qe2 Be7 9. Ne5 Nxe5 10. dxe5 a6 11. c4 c6 12. O-O O-O 13. f3 exf3 14. Qxf3 dxc4
15. Rd1 Qb6+ 16. Be3 Bc5 17. Bxc4 Bxe3+ 18. Kh1 Bh6 19. Rf1 Be6 20. Bd3 Qe3 21.
Qh5 g6 22. Qh4 Qg5 23. Qf2 Rae8 24. Rab1 b5 25. Rg1 Bd5 26. Rbe1 Rxe5 27. Rxe5
Qxe5 28. Qh4 Qg5 29. Qh3 Qh5 30. Qd7 Bf4 31. h3 f5 32. Qa7 Qxh3# 0-1

[Event "DEM U10/U10w 2010"]
[Site "Oberhof GER"]
[Date "2010.05.24"]
[Round "3"]
[White "Rockmann, Jan-Okke"]
[Black "Siegl, Adrian"]
[Result "0-1"]
[Termination "normal"]
[Board "33"]
[WhiteElo "1013"]
[BlackElo "1198"]
[PlyCount "198"]
[WhiteFideId "12942111"]
[BlackFideId "12930156"]
[EventCountry "GER"]
[EventRounds "11"]
[EventType "swiss"]
[EventDate "2010.05.22"]

1. e4 c5 2. Nf3 Nc6 3. Bc4 e6 4. O-O d5 5. exd5 exd5 6. Be2 Nf6 7. Re1 Be7 8.
c3 O-O 9. d4 c4 10. Be3 Ne4 11. Nbd2 b5 12. a4 Qa5 13. axb5 Qxb5 14. Qa4 Qxa4
15. Rxa4 Nxd2 16. Nxd2 Bd7 17. Ra2 f5 18. Nf3 f4 19. Bd2 g5 20. h3 h5 21. Nh2
Be8 22. Bf3 Bf7 23. Ra4 Rab8 24. Ra6 Rb6 25. Rxb6 axb6 26. Rb1 Na5 27. Bd1 b5
28. Nf3 Bg6 29. Ra1 Nb3 30. Bxb3 cxb3 31. Ne5 Bf5 32. Nc6 Bd6 33. Ra5 Bd7 34.
Ne5 Bxe5 35. dxe5 g4 36. Kh2 f3 37. h4 Rf5 38. Ra3 Rxe5 39. Rxb3 Re2 40. Be3
Bc6 41. gxf3 gxf3 42. Kg3 d4 43. cxd4 Kf7 44. Kf4 Kf6 45. Rc3 Bb7 46. Rc5 Rxb2
47. Rxh5 b4 48. d5 Rc2 49. Kxf3 b3 50. Bd4+ Kg6 51. Rg5+ Kh6 52. Ke3 b2 53. Rg1
Rc1 54. Kd2 b1=Q 55. Rxc1 Qb4+ 56. Kd3 Ba6+ 57. Ke4 Qe7+ 58. Be5 Bd3+ 59. Kd4
Bg6 60. Bf4+ Kh5 61. Bg5 Qb4+ 62. Rc4 Qb2+ 63. Rc3 Qxf2+ 64. Re3 Qd2+ 65. Ke5
Qa5 66. Ke6 Qc7 67. d6 Qf7+ 68. Ke5 Qf5+ 69. Kd4 Qd7 70. Be7 Qa7+ 71. Kd5 Qxe3
72. Kc6 Be4+ 73. Kc7 Qc5+ 74. Kd8 Qb6+ 75. Ke8 Qb8+ 76. Kf7 Bg6+ 77. Kf6 Kh6
78. Ke6 Qg8+ 79. Kd7 Bf5+ 80. Kc7 Qc8+ 81. Kb6 Kg6 82. Kb5 Bd7+ 83. Kb4 Qb7+
84. Kc5 Qc6+ 85. Kd4 Qa4+ 86. Ke5 Qg4 87. Kd5 Qf5+ 88. Kd4 Kf7 89. Bd8 Ke6 90.
Be7 Qd5+ 91. Ke3 Qc4 92. Kf3 Qd4 93. Kg3 Qe4 94. Kh3 Ke5+ 95. Kg3 Qg4+ 96. Kf2
Ke4 97. Bg5 Qf3+ 98. Kg1 Qe2 99. h5 Kf3 0-1

[Event "DEM U10/U10w 2010"]
[Site "Oberhof GER"]
[Date "2010.05.24"]
[Round "3"]
[White "Edelmann, Jonas"]
[Black "Gungl, Theo"]
[Result "0-1"]
[Termination "normal"]
[Board "34"]
[WhiteElo "1107"]
[BlackElo "1682"]
[PlyCount "84"]
[BlackFideId "24695653"]
[EventCountry "GER"]
[EventRounds "11"]
[EventType "swiss"]
[EventDate "2010.05.22"]

1. e4 c6 2. g3 d5 3. e5 Qc7 4. Nf3 Bg4 5. Bg2 Nd7 6. Qe2 Bxf3 7. Bxf3 Qxe5 8.
Qxe5 Nxe5 9. Bg2 Nf6 10. O-O e6 11. d4 Ned7 12. Bg5 c5 13. c3 h6 14. Bxf6 Nxf6
15. Nd2 cxd4 16. cxd4 Bb4 17. Nb3 b6 18. a3 Bd6 19. Rac1 Ke7 20. f4 g6 21. Rfe1
Rac8 22. Bh3 Rxc1 23. Rxc1 g5 24. f5 g4 25. Bg2 exf5 26. Re1+ Ne4 27. Nd2 Kd7
28. Bxe4 fxe4 29. Nf1 f5 30. Ne3 Ke6 31. Rf1 Rf8 32. Kg2 h5 33. h3 gxh3+ 34.
Kxh3 f4 35. gxf4 Rxf4 36. Rxf4 Bxf4 37. Ng2 Bc1 38. Kh4 e3 39. Nf4+ Kf5 40.
Nxd5 e2 41. Kxh5 e1=Q 42. Nb4 Qh1# 0-1

[Event "DEM U10/U10w 2010"]
[Site "Oberhof GER"]
[Date "2010.05.24"]
[Round "3"]
[White "Lederer, Leia"]
[Black "Burg, Niclas"]
[Result "1-0"]
[Termination "normal"]
[Board "35"]
[WhiteElo "971"]
[BlackElo "1467"]
[PlyCount "45"]
[WhiteFideId "12926353"]
[BlackFideId "1271968"]
[EventCountry "GER"]
[EventRounds "11"]
[EventType "swiss"]
[EventDate "2010.05.22"]

1. e4 c5 2. Nf3 Nc6 3. Nc3 Nf6 4. Bc4 e6 5. d3 Be7 6. Bf4 O-O 7. Qd2 d5 8. e5
Nd7 9. Bb5 Qb6 10. Bxc6 Qxc6 11. h4 b6 12. h5 d4 13. Ne4 c4 14. h6 g6 15. Nd6
Nxe5 16. Nxe5 Qxg2 17. Rh2 Qg1+ 18. Ke2 Qxa1 19. Ndxc4 Qxa2 20. Nc6 Bc5 21. Be5
b5 22. Nd6 Qd5 23. Ne7# 1-0

[Event "DEM U10/U10w 2010"]
[Site "Oberhof GER"]
[Date "2010.05.24"]
[Round "3"]
[White "Sadewasser, Lucie"]
[Black "Mildner, Ramón"]
[Result "1/2-1/2"]
[Termination "normal"]
[Board "36"]
[WhiteElo "1197"]
[BlackElo "1200"]
[PlyCount "47"]
[WhiteFideId "12905445"]
[BlackFideId "12909645"]
[EventCountry "GER"]
[EventRounds "11"]
[EventType "swiss"]
[EventDate "2010.05.22"]

1. e4 c5 2. Nf3 Nc6 3. d4 cxd4 4. Nxd4 g6 5. Nc3 Bg7 6. Nb3 Nf6 7. Bc4 O-O 8.
Be3 d6 9. f3 Bd7 10. Qd2 Ne5 11. Be2 a6 12. h4 h5 13. Bh6 Rc8 14. Bxg7 Kxg7 15.
Qf4 b5 16. a3 a5 17. Qd2 Nc4 18. Bxc4 bxc4 19. Nd4 Rb8 20. Rb1 Qc7 21. Nde2 Rb7
22. g4 hxg4 23. h5 Nxh5 24. Rxh5 1/2-1/2

[Event "DEM U10/U10w 2010"]
[Site "Oberhof GER"]
[Date "2010.05.24"]
[Round "3"]
[White "Schneider, Jana"]
[Black "Müller, Sophie"]
[Result "0-1"]
[Termination "normal"]
[Board "37"]
[WhiteElo "1073"]
[BlackElo "1102"]
[PlyCount "124"]
[WhiteFideId "12924997"]
[BlackFideId "12926698"]
[EventCountry "GER"]
[EventRounds "11"]
[EventType "swiss"]
[EventDate "2010.05.22"]

1. e4 e6 2. d4 d5 3. exd5 exd5 4. Nf3 Be6 5. Bd3 Nc6 6. O-O Bd6 7. Re1 Qd7 8.
Bf5 O-O-O 9. Bxe6 fxe6 10. Bg5 Re8 11. Nc3 h6 12. Bd2 Nf6 13. Nb5 g5 14. Nxa7+
Nxa7 15. Ne5 Bxe5 16. dxe5 Ne4 17. Be3 b6 18. Qe2 Nc5 19. b4 Nb7 20. Qa6 Kb8
21. Rab1 Qb5 22. Qxb5 Nxb5 23. Rb3 Rhf8 24. a4 Na7 25. a5 bxa5 26. bxa5 Ka8 27.
a6 Na5 28. Bc5 Nxb3 29. Bxf8 Rxf8 30. cxb3 Nb5 31. Rc1 Ka7 32. Rc6 Re8 33. b4
Re7 34. Kf1 Nd4 35. Rc3 Kxa6 36. Rd3 Nc6 37. Rb3 Kb5 38. Ke1 Nxb4 39. Kd2 c5
40. Kc3 d4+ 41. Kd2 Kc4 42. Rb1 Nd3 43. Kc2 Nxe5 44. Kd2 Rf7 45. Rc1+ Kd5 46.
f3 c4 47. Ra1 c3+ 48. Kd1 Nc4 49. Ra8 d3 50. Rd8+ Nd6 51. Kc1 Kc5 52. Ra8 Kb4
53. Rb8+ Rb7 54. Rd8 d2+ 55. Kc2 Nc4 56. Rd4 Ra7 57. g3 Ra2+ 58. Kd1 Kb3 59.
Rxd2 cxd2 60. f4 Ra1+ 61. Ke2 d1=Q+ 62. Kf2 Qf1# 0-1

[Event "DEM U10/U10w 2010"]
[Site "Oberhof GER"]
[Date "2010.05.24"]
[Round "3"]
[White "Denkert, Anna"]
[Black "Dallinger, Moritz"]
[Result "0-1"]
[Termination "normal"]
[Board "38"]
[WhiteElo "914"]
[BlackElo "1418"]
[PlyCount "68"]
[WhiteFideId "12938122"]
[BlackFideId "12910864"]
[EventCountry "GER"]
[EventRounds "11"]
[EventType "swiss"]
[EventDate "2010.05.22"]

1. e4 c5 2. Nf3 e6 3. d4 cxd4 4. Nxd4 a6 5. Nc3 Qc7 6. Bd3 b5 7. O-O Nf6 8. Re1
Be7 9. a3 Bb7 10. Bd2 d5 11. e5 Nfd7 12. Bf4 Nc6 13. Nxc6 Qxc6 14. h3 h6 15.
Qf3 g5 16. Bh2 Nb6 17. Rad1 Bc5 18. Bf1 Rg8 19. Ne2 Qc7 20. c3 O-O-O 21. Ng3
Bf8 22. b4 Nc4 23. Nh5 Bg7 24. Nxg7 Rxg7 25. Bxc4 Qxc4 26. Qf6 Rh7 27. Rf1 Re8
28. Qf3 h5 29. Qd3 Qxd3 30. Rxd3 g4 31. Rg3 Rg8 32. Rd1 Rhg7 33. Rd4 Rg5 34.
Kf1 Rxe5 0-1

[Event "DEM U10/U10w 2010"]
[Site "Oberhof GER"]
[Date "2010.05.24"]
[Round "3"]
[White "Lohrmann, Tabea"]
[Black "Allin, Katharina"]
[Result "0-1"]
[Termination "normal"]
[Board "39"]
[WhiteElo "874"]
[BlackElo "1059"]
[PlyCount "46"]
[WhiteFideId "12911941"]
[BlackFideId "12903779"]
[EventCountry "GER"]
[EventRounds "11"]
[EventType "swiss"]
[EventDate "2010.05.22"]

1. e4 e5 2. Nf3 Nc6 3. Bc4 Bc5 4. O-O Nf6 5. d3 d6 6. h3 Be6 7. Bb3 Qd7 8. Bxe6
fxe6 9. Nc3 O-O-O 10. Bg5 h6 11. Bh4 g5 12. Bg3 Rhg8 13. Qd2 Qg7 14. Ne1 h5 15.
h4 gxh4 16. Bxh4 Rdf8 17. Na4 Nd4 18. Qc3 Nf3+ 19. Kh1 Nxe1 20. Rg1 Ng4 21. Qb3
Bxf2 22. Bxf2 Nxf2+ 23. Kh2 Qg3# 0-1

[Event "DEM U10/U10w 2010"]
[Site "Oberhof GER"]
[Date "2010.05.24"]
[Round "3"]
[White "Köhler, Inken"]
[Black "Schröder, Janina"]
[Result "0-1"]
[Termination "normal"]
[Board "40"]
[WhiteElo "786"]
[BlackElo "1042"]
[PlyCount "112"]
[WhiteFideId "12929301"]
[BlackFideId "24693138"]
[EventCountry "GER"]
[EventRounds "11"]
[EventType "swiss"]
[EventDate "2010.05.22"]

1. e4 e5 2. Nf3 Nc6 3. d4 exd4 4. Nxd4 Bc5 5. Be3 Bb6 6. Bb5 Qe7 7. Nc3 Nf6 8.
O-O O-O 9. Nd5 Nxd5 10. exd5 Nxd4 11. Bxd4 Qg5 12. Bxb6 axb6 13. f4 Qf5 14. Bc4
c6 15. dxc6 bxc6 16. Qd4 Rb8 17. Bd3 Qc5 18. Qxc5 bxc5 19. b3 d5 20. c4 Bd7 21.
Rfe1 Rfe8 22. Rxe8+ Rxe8 23. a4 Rb8 24. Bc2 Ra8 25. cxd5 cxd5 26. Bd3 h6 27. a5
Kf8 28. a6 Ke7 29. Ra5 Kd6 30. Kf2 Kc6 31. Kg3 g6 32. h4 h5 33. Kf3 f5 34. g4
hxg4+ 35. Kg3 Kb6 36. Ra1 Bc8 37. a7 Rxa7 38. Rxa7 Kxa7 39. Bc2 Kb6 40. Kf2 Kb5
41. h5 gxh5 42. Bxf5 Bxf5 43. b4 cxb4 44. Kg2 b3 45. Kg3 b2 46. Kh4 b1=Q 47.
Kg5 Bg6 48. Kh4 d4 49. Kg5 g3 50. f5 Qxf5+ 51. Kh6 g2 52. Kg7 g1=R 53. Kh6 h4
54. Kg7 Be8+ 55. Kh8 Qf6+ 56. Kh7 Qg7# 0-1

[Event "DEM U10/U10w 2010"]
[Site "Oberhof GER"]
[Date "2010.05.24"]
[Round "3"]
[White "Riegel, Arinna"]
[Black "Cejda, Cecilia"]
[Result "1-0"]
[Termination "normal"]
[Board "41"]
[WhiteElo "1013"]
[BlackElo "894"]
[PlyCount "151"]
[WhiteFideId "12931446"]
[BlackFideId "12921122"]
[EventCountry "GER"]
[EventRounds "11"]
[EventType "swiss"]
[EventDate "2010.05.22"]

1. Nf3 c5 2. d3 Nc6 3. g3 Nf6 4. Bg2 d6 5. O-O g6 6. e4 Bg7 7. Nbd2 O-O 8. a4
Bg4 9. h3 Be6 10. Kh2 Qd7 11. c3 h6 12. Qc2 g5 13. Nc4 g4 14. hxg4 Nxg4+ 15.
Kg1 Nf6 16. Bd2 Bh3 17. Qc1 Bxg2 18. Kxg2 Ng4 19. Nh4 e6 20. f3 d5 21. fxg4
dxc4 22. dxc4 Kh7 23. Qc2 Be5 24. Bf4 Bg7 25. e5+ Kg8 26. Rad1 Qc7 27. Qc1 Kh7
28. Qd2 Rad8 29. Qe3 Rxd1 30. Rxd1 Nxe5 31. Re1 Qc6+ 32. Qe4+ Qxe4+ 33. Rxe4
Nxg4 34. Be3 Re8 35. Bxc5 Nf6 36. Re1 Rd8 37. Rf1 Ng4 38. Kh3 Rc8 39. Bxa7 Rxc4
40. Rxf7 Rxa4 41. Rxb7 h5 42. Bd4 e5 43. Nf5 Kg6 44. Nh4+ Kf6 45. Bc5 Rc4 46.
Bb4 e4 47. Re7 Bf8 48. Re8 Kf7 49. Rd8 Be7 50. Rd4 e3 51. Rxc4 e2 52. Re4 Nf2+
53. Kg2 Nxe4 54. Nf3 Bd8 55. Ne1 h4 56. g4 Kf6 57. Kf3 Ng3 58. Bd6 Nf1 59. Kxe2
Be7 60. Bxe7+ Kxe7 61. Kxf1 Kf6 62. Kg2 Kg5 63. Kh3 Kf4 64. b4 Ke4 65. g5 Kf5
66. b5 Kxg5 67. b6 Kg6 68. b7 Kg7 69. b8=Q Kh7 70. Qc7+ Kh6 71. Qf4+ Kh5 72.
Qg4+ Kh6 73. Nf3 Kh7 74. Nd4 Kh6 75. Nf5+ Kh7 76. Qg7# 1-0

[Event "DEM U10/U10w 2010"]
[Site "Oberhof GER"]
[Date "2010.05.24"]
[Round "3"]
[White "Schluckner, Paul-Leopold"]
[Black "Schneider, Xenia"]
[Result "1-0"]
[Termination "normal"]
[Board "43"]
[WhiteElo "957"]
[BlackElo "777"]
[PlyCount "43"]
[WhiteFideId "12952168"]
[BlackFideId "12911984"]
[EventCountry "GER"]
[EventRounds "11"]
[EventType "swiss"]
[EventDate "2010.05.22"]

1. e4 e5 2. Nf3 Nc6 3. Nc3 Nf6 4. Bb5 d6 5. Bc4 Nxe4 6. Nxe4 d5 7. Bd3 dxe4 8.
Bxe4 Bc5 9. d3 Bb4+ 10. c3 Ba5 11. O-O O-O 12. d4 exd4 13. cxd4 Nb4 14. Bd2 b6
15. Qb1 g6 16. Qe1 Nc2 17. Bxc2 Bxd2 18. Qxd2 Bd7 19. Qh6 Bb5 20. Ng5 Re8 21.
Qxh7+ Kf8 22. Qxf7# 1-0